| 000 | 01336nam a2200301 4500 | ||
|---|---|---|---|
| 001 | 0000013943 | ||
| 003 | CO-CtgCURN | ||
| 005 | 20250510133758.0 | ||
| 007 | ta | ||
| 008 | 160627s1996 000 0 eng d | ||
| 020 | _a9589288782 | ||
| 040 |
_aCO-CtgCURN _bspa _ccoctgcurn |
||
| 082 | 0 |
_a342.0664 _bL156a |
|
| 100 | 1 | _aLamprea Rodríguez, Pedro Antonio. | |
| 245 | 1 | 0 |
_aAnulacion de los actos de la Administración publica : _bdoctrina constitucional de la legalidad, motivos de anulacion de los actos administrativos-control de legalidad, jurisprudencia-doctrina, modelos / _cPedro Antonio Lamprea Rodríguez. |
| 260 |
_aBogotá : _bEdiciones Doctrina y Ley, _c1996. |
||
| 300 | _axxxii, 712 p. | ||
| 336 | _2rdacontent | ||
| 337 |
_2rdamedia _asin mediacion _bn |
||
| 338 |
_2rdacarrier _avolumen _bnc |
||
| 500 | _aIncluye indice. | ||
| 504 | _aBiobliografia ( p. 687-691) | ||
| 505 | 8 | _aTeoria de la legalidad.--Actividad administrativa del estado.--Actos de la Administración publica.--Regimen legal de la anulacion.-Desvio de poder.--Falsa motivacion.--Transacción y conciliacion administrativa.--Declaracion judicial de nulidad | |
| 650 | 1 | 4 | _aDerecho administrativo. |
| 908 | _a160627 | ||
| 942 |
_cBK _h342.0664 _iL156a _2ddc _n0 |
||
| 999 |
_c1979 _d1979 |
||